[Event "Xtracon GM"]
[Site "Borup"]
[Date "2010.09.03"]
[Round "1"]
[White "Antonsen, Mikkel"]
[Black "Pedersen, Henrik Dahl"]
[Result "1-0"]
[WhiteElo "2471"]
[BlackElo "2235"]
[PlyCount "71"]
[EventDate "2010.09.03"]
[EventType "swiss"]
[EventRounds "9"]
[EventCountry "DEN"]
[Source "ChessBase"]
[SourceDate "2010.10.29"]

1. d4 f5 2. Nc3 Nf6 3. Bg5 e6 4. e4 fxe4 5. Nxe4 Be7 6. Nxf6+ Bxf6 7. h4 Nc6 8.
Nf3 b6 9. Qd2 Bb7 10. O-O-O Qe7 11. d5 Nb4 12. dxe6 dxe6 13. a3 Na6 14. Bxf6
gxf6 15. Qh6 Rg8 16. Bb5+ c6 17. Bxa6 Bxa6 18. Nd4 O-O-O 19. Nxc6 Rxd1+ 20.
Rxd1 Qg7 21. Qf4 Qc7 22. Qa4 Qb7 23. Rd6 Rxg2 24. Qd4 Rg1+ 25. Kd2 Qc7 26.
Nxa7+ Kb8 27. Rd8+ Kxa7 28. Rd7 Qxd7 29. Qxd7+ Bb7 30. Qxh7 Rh1 31. h5 Ka6 32.
h6 Rh4 33. Qg7 Be4 34. Qxf6 Rh1 35. Qxe6 Bb7 36. Qg6 1-0

[Event "Xtracon GM"]
[Site "Borup"]
[Date "2010.09.03"]
[Round "1"]
[White "Baekgaard, Martin"]
[Black "Hillarp Persson, Tiger"]
[Result "0-1"]
[WhiteElo "2276"]
[BlackElo "2517"]
[PlyCount "84"]
[EventDate "2010.09.03"]
[EventType "swiss"]
[EventRounds "9"]
[EventCountry "DEN"]
[Source "ChessBase"]
[SourceDate "2010.10.29"]

1. d4 d6 2. c4 e5 3. e3 Nd7 4. Nc3 g6 5. g3 Bg7 6. Bg2 f5 7. Nge2 Nh6 8. O-O
Nf7 9. Qc2 O-O 10. Rd1 e4 11. f3 exf3 12. Bxf3 Ng5 13. Bd5+ Kh8 14. Bg2 Nf6 15.
Nf4 Re8 16. Bd2 c6 17. Rab1 Bd7 18. b4 Nge4 19. Nxe4 Nxe4 20. Bc1 Rc8 21. Qb3
Qe7 22. Bb2 Nf6 23. Re1 g5 24. Nd3 Be6 25. d5 cxd5 26. cxd5 Bf7 27. Nf2 Bg6 28.
Bd4 Nd7 29. Qb2 Ne5 30. Rbc1 Nc4 31. Bxg7+ Qxg7 32. Qxg7+ Kxg7 33. e4 Ne5 34.
exf5 Bxf5 35. Kf1 Rf8 36. Ke2 Bg6 37. Rxc8 Rxc8 38. Be4 Rc4 39. Bxg6 Kxg6 40.
Nd3 Re4+ 41. Kf1 Rxe1+ 42. Nxe1 Kf5 0-1

[Event "Xtracon GM"]
[Site "Borup"]
[Date "2010.09.03"]
[Round "1"]
[White "Brondum, Eric"]
[Black "Andersen, Niels Erik"]
[Result "1-0"]
[WhiteElo "2105"]
[BlackElo "1955"]
[PlyCount "69"]
[EventDate "2010.09.03"]
[EventType "swiss"]
[EventRounds "9"]
[EventCountry "DEN"]
[Source "ChessBase"]
[SourceDate "2010.10.29"]

1. d4 Nf6 2. f3 d5 3. e4 e6 4. e5 Nfd7 5. f4 c5 6. Nf3 Nc6 7. c3 Be7 8. Bd3 Qb6
9. O-O cxd4 10. cxd4 Nxd4 11. Nxd4 Qxd4+ 12. Kh1 Qb6 13. Nc3 g6 14. Qe2 Nc5 15.
Be3 Qd8 16. Bc2 Bd7 17. Rad1 Qa5 18. Rd4 Na6 19. a3 Rc8 20. Rdd1 Nc7 21. Bd3 a6
22. Rc1 Na8 23. Qf2 Rc6 24. Ne2 Qd8 25. Rcd1 Rc8 26. Nd4 Ba4 27. Rde1 Bh4 28.
g3 Be7 29. f5 Bc6 30. fxe6 fxe6 31. Qf7+ Kd7 32. Qxe6+ Kc7 33. Rf7 Re8 34. Bg5
Bd7 35. Rxe7 1-0

[Event "Xtracon GM"]
[Site "Borup"]
[Date "2010.09.03"]
[Round "1"]
[White "Christensen, John"]
[Black "Christensen, Verner"]
[Result "1-0"]
[WhiteElo "2106"]
[BlackElo "1968"]
[PlyCount "103"]
[EventDate "2010.09.03"]
[EventType "swiss"]
[EventRounds "9"]
[EventCountry "DEN"]
[Source "ChessBase"]
[SourceDate "2010.10.29"]

1. Nf3 f5 2. d4 d5 3. c4 e6 4. Nc3 c6 5. b3 Bd6 6. g3 Nf6 7. Bg2 O-O 8. O-O Ne4
9. Qc2 Nd7 10. Ne1 Qe8 11. f3 Nxc3 12. Qxc3 Qg6 13. Nd3 Kh8 14. Bf4 Bxf4 15.
Nxf4 Qf6 16. e4 dxc4 17. e5 Qf7 18. bxc4 Nb6 19. a4 Rd8 20. a5 Nd7 21. Rfd1 Nf8
22. Nd3 Bd7 23. f4 Rac8 24. Rab1 Be8 25. Nc5 Rb8 26. a6 bxa6 27. Nxa6 Rb6 28.
Ra1 Rc8 29. Ra5 Nd7 30. Rda1 Qe7 31. c5 Rb7 32. Nb4 Nf8 33. Ra6 Rbc7 34. Nc2
Bh5 35. Nb4 Be8 36. Bf3 g5 37. fxg5 Ng6 38. Qe3 Qf7 39. Nd3 Rb8 40. Bh5 Rb3 41.
Bd1 Rbb7 42. R6a3 Ne7 43. Bf3 Nd5 44. Qd2 Rc8 45. Nb2 f4 46. Nc4 Qg6 47. Nd6
Rb1+ 48. Kf2 Rcb8 49. R1a2 Qxg5 50. Bxd5 fxg3+ 51. hxg3 cxd5 52. Qxg5 1-0

[Event "Xtracon GM"]
[Site "Borup"]
[Date "2010.09.03"]
[Round "1"]
[White "Drozdovskij, Yuri"]
[Black "Bejtovic, Jasmin"]
[Result "1-0"]
[WhiteElo "2608"]
[BlackElo "2404"]
[PlyCount "78"]
[EventDate "2010.09.03"]
[EventType "swiss"]
[EventRounds "9"]
[EventCountry "DEN"]
[Source "ChessBase"]
[SourceDate "2010.10.29"]

1. d4 Nf6 2. c4 g6 3. g3 Bg7 4. Bg2 O-O 5. Nc3 d6 6. Nf3 c5 7. d5 e5 8. O-O a6
9. Ne1 b5 10. cxb5 axb5 11. Nxb5 Ba6 12. Nc3 Nbd7 13. Nc2 Ng4 14. h3 Nh6 15. b4
cxb4 16. Nxb4 Qa5 17. a3 Nf5 18. Ne4 Nd4 19. Re1 Bb5 20. Bb2 Ba4 21. Qb1 Qb6
22. e3 Nb3 23. Ra2 Ndc5 24. Bc3 Nxe4 25. Bxe4 Nc5 26. Bc2 Bd7 27. Kg2 Na4 28.
Ba1 Qa5 29. Rc1 f5 30. Bd1 Nc5 31. Bf3 Rfb8 32. Rb2 Qxa3 33. Nc6 Rxb2 34. Bxb2
Qa2 35. Be2 Qxd5+ 36. Bf3 Bxc6 37. Bxd5+ Bxd5+ 38. f3 Ra2 39. Rc2 e4 1-0

[Event "Xtracon GM"]
[Site "Borup"]
[Date "2010.09.03"]
[Round "1"]
[White "Frisk, Ellinor"]
[Black "Knudsen, Jes West"]
[Result "1-0"]
[WhiteElo "2113"]
[BlackElo "1996"]
[PlyCount "61"]
[EventDate "2010.09.03"]
[EventType "swiss"]
[EventRounds "9"]
[EventCountry "DEN"]
[Source "ChessBase"]
[SourceDate "2010.10.29"]

1. e4 d5 2. exd5 Nf6 3. Nf3 Nxd5 4. d4 Bg4 5. h3 Bh5 6. c4 Nb6 7. Nc3 e5 8. g4
exd4 9. Nxd4 Bg6 10. Bg2 c6 11. O-O Be7 12. b3 O-O 13. Be3 Re8 14. Qd2 Bf6 15.
Rad1 Na6 16. f4 h6 17. f5 Bh7 18. Ne4 Rxe4 19. Bxe4 Qe7 20. Bg2 Rd8 21. Qf2 Bh4
22. Qf3 Re8 23. Bf2 Nd7 24. Bxh4 Qxh4 25. Nxc6 Nac5 26. Nd4 b6 27. Qf2 Qf6 28.
Rfe1 Rxe1+ 29. Rxe1 Ne5 30. Qe3 Ncd3 31. Qxd3 1-0

[Event "Xtracon GM"]
[Site "Borup"]
[Date "2010.09.03"]
[Round "1"]
[White "Hansen, Lars Henrik Bech"]
[Black "Vovk, Oksana"]
[Result "0-1"]
[WhiteElo "2039"]
[BlackElo "2157"]
[PlyCount "40"]
[EventDate "2010.09.03"]
[EventType "swiss"]
[EventRounds "9"]
[EventCountry "DEN"]
[Source "ChessBase"]
[SourceDate "2010.10.29"]

1. e4 e6 2. d4 d5 3. Nc3 Nf6 4. Bg5 Be7 5. e5 Nfd7 6. h4 Bxg5 7. hxg5 Qxg5 8.
Nh3 Qe7 9. Nf4 g6 10. Qg4 h5 11. Qg3 Nb6 12. O-O-O Nc6 13. Bd3 Bd7 14. Nce2
O-O-O 15. Qe3 Nb4 16. Bxg6 Nc4 17. Qb3 fxg6 18. Nxg6 Qg5+ 19. Nef4 Nc6 20. g3
Rh6 0-1

[Event "Xtracon GM"]
[Site "Borup"]
[Date "2010.09.03"]
[Round "1"]
[White "Jensen, Soren Holm"]
[Black "Eriksson, Christian Altenburg"]
[Result "1-0"]
[WhiteElo "2024"]
[BlackElo "2152"]
[PlyCount "83"]
[EventDate "2010.09.03"]
[EventType "swiss"]
[EventRounds "9"]
[EventCountry "DEN"]
[Source "ChessBase"]
[SourceDate "2010.10.29"]

1. e4 c5 2. Nf3 Nc6 3. d4 cxd4 4. Nxd4 e5 5. Nb5 d6 6. c4 Be7 7. N1c3 a6 8. Na3
f5 9. Bd3 f4 10. Nc2 Nf6 11. Be2 O-O 12. O-O Qe8 13. b3 Qg6 14. Bf3 Kh8 15. Ba3
Rd8 16. Qd3 Be6 17. Rad1 Rac8 18. Rd2 Nb8 19. Qe2 Qf7 20. Rd3 g5 21. g4 h5 22.
h3 Kg7 23. Rfd1 hxg4 24. Bxg4 Bxg4 25. hxg4 Qe6 26. f3 Rh8 27. Bxd6 Rh3 28. Ne1
Rch8 29. Ng2 Bxd6 30. Rxd6 Qc8 31. Nd5 Nc6 32. Nb6 Qf8 33. Nd7 Nxd7 34. Rxd7+
Kg8 35. R7d5 Nd4 36. R1xd4 exd4 37. Rxg5+ Kh7 38. Qd3 Kh6 39. Rd5 Qf6 40. g5+
Qxg5 41. Rxg5 Kxg5 42. Qxd4 1-0

[Event "Xtracon GM"]
[Site "Borup"]
[Date "2010.09.03"]
[Round "1"]
[White "Johannsen, Kaj"]
[Black "Hvenekilde, Jorgen"]
[Result "0-1"]
[WhiteElo "1981"]
[BlackElo "2107"]
[PlyCount "88"]
[EventDate "2010.09.03"]
[EventType "swiss"]
[EventRounds "9"]
[EventCountry "DEN"]
[Source "ChessBase"]
[SourceDate "2010.10.29"]

1. Nf3 Nf6 2. g3 g6 3. Bg2 Bg7 4. O-O O-O 5. c4 d6 6. d4 Nc6 7. Nc3 Bf5 8. Re1
Ne4 9. Nxe4 Bxe4 10. a3 Bxf3 11. Bxf3 Nxd4 12. Bxb7 Rb8 13. Bg2 c5 14. Rb1 Qc8
15. b3 Rb6 16. e3 Nc6 17. Qc2 Qa6 18. Rd1 Rfb8 19. Bd5 Na5 20. b4 cxb4 21. axb4
Rxb4 22. Rxb4 Rxb4 23. Ba3 Rb3 24. Qe4 e6 25. Bxe6 Rxa3 26. Qa8+ Bf8 27. Bxf7+
Kxf7 28. Qd5+ Ke8 29. Qe6+ Be7 30. c5 Qc4 31. Qc8+ Kf7 32. Qh8 Qxc5 33. Qxh7+
Ke6 34. Qxg6+ Kd7 35. Qg4+ Kc7 36. h4 Nc6 37. Qe2 Rc3 38. Kg2 Rc2 39. Qa6 Qxe3
40. Rf1 Qe4+ 41. Kg1 Bf6 42. Rb1 Bb2 43. Qa2 Qf3 44. Rf1 Qxg3+ 0-1

[Event "Xtracon GM"]
[Site "Borup"]
[Date "2010.09.03"]
[Round "1"]
[White "Kokholm, Daniel"]
[Black "Larsen, Thomas Gjerken"]
[Result "1/2-1/2"]
[WhiteElo "1951"]
[BlackElo "2076"]
[PlyCount "103"]
[EventDate "2010.09.03"]
[EventType "swiss"]
[EventRounds "9"]
[EventCountry "DEN"]
[Source "ChessBase"]
[SourceDate "2010.10.29"]

1. d4 e6 2. e4 d5 3. Be3 dxe4 4. Nd2 Nf6 5. f3 exf3 6. Ngxf3 Be7 7. Bd3 Nbd7 8.
Qe2 O-O 9. O-O-O c5 10. dxc5 Nxc5 11. Bxc5 Bxc5 12. Ne5 Qc7 13. g4 Rd8 14. g5
Nd5 15. Rdf1 Bd4 16. Bxh7+ Kxh7 17. Qh5+ Kg8 18. Nxf7 Bxb2+ 19. Kxb2 Qc3+ 20.
Kb1 Qb4+ 21. Nb3 Nf4 22. Qh8+ Kxf7 23. Qxd8 Kg6 24. Qe8+ Kh7 25. Rhg1 Ng6 26.
h4 Qe7 27. Rf8 Qxf8 28. Qb5 Ne7 29. g6+ Nxg6 30. Qh5+ Kg8 31. Qxg6 Qf7 32. Qg2
e5 33. Rf1 Bf5 34. Qf2 Rf8 35. Re1 Qc7 36. Qe2 Rc8 37. Qxe5 Bxc2+ 38. Kb2 Qxe5+
39. Rxe5 Kf7 40. Nd4 Bd3 41. Re3 Bg6 42. Kb3 a6 43. Kb4 b5 44. Rc3 Rxc3 45.
Kxc3 Bb1 46. a3 Kg6 47. Kb4 Kh5 48. Ne6 g6 49. Ka5 Kxh4 50. Kxa6 Bf5 51. Nd4
Bd3 52. Kb6 1/2-1/2

[Event "Xtracon GM"]
[Site "Borup"]
[Date "2010.09.03"]
[Round "1"]
[White "Krogh, Peter Ove"]
[Black "Jorgensen, Orla Eilegaard"]
[Result "1/2-1/2"]
[WhiteElo "1922"]
[BlackElo "1680"]
[PlyCount "140"]
[EventDate "2010.09.03"]
[EventType "swiss"]
[EventRounds "9"]
[EventCountry "DEN"]
[Source "ChessBase"]
[SourceDate "2010.10.29"]

1. c4 Nf6 2. Nc3 d5 3. cxd5 Nxd5 4. g3 Nxc3 5. bxc3 Bf5 6. Bg2 c6 7. e4 Bg6 8.
Ne2 e5 9. O-O Qd3 10. Re1 Bc5 11. Qb3 b6 12. Qb1 Qd6 13. d4 exd4 14. Rd1 Qe7
15. cxd4 Ba3 16. Nf4 Bxc1 17. Qxc1 O-O 18. h4 h6 19. Nxg6 fxg6 20. Qc2 Qe6 21.
d5 cxd5 22. exd5 Qd6 23. Bh3 Qf6 24. Rab1 Na6 25. Rd2 Nc5 26. Re1 Rae8 27. Rde2
Rxe2 28. Rxe2 Qd4 29. Bg2 Qf6 30. Re3 Qd6 31. Kh2 Qf6 32. Rf3 Qd6 33. Rxf8+
Kxf8 34. Bf3 Qf6 35. Kg2 Qd6 36. Qc3 Kf7 37. Qa3 a5 38. Qe3 Qf6 39. Qe2 Qd6 40.
Qb5 Ke7 41. Qc4 Qe5 42. Qg4 Qd6 43. Qc8 Nd7 44. Qg8 Qf6 45. Qa8 Qd6 46. Be4 Kf7
47. Qd8 Qe7 48. Bxg6+ Kf6 49. Qxe7+ Kxe7 50. f4 Nf6 51. Kf3 Nxd5 52. a3 Kd6 53.
g4 b5 54. Bc2 Nb6 55. h5 Nc4 56. a4 bxa4 57. Bxa4 Nb2 58. Bb3 a4 59. Bg8 a3 60.
Ke4 Kc5 61. Ba2 Nd1 62. Ke5 Nc3 63. Bg8 a2 64. Bxa2 Nxa2 65. Ke6 Nc3 66. Kf7
Nd5 67. f5 Nf6 68. Kxg7 Nxg4 69. f6 Nxf6 70. Kxf6 Kd6 1/2-1/2

[Event "Xtracon GM"]
[Site "Borup"]
[Date "2010.09.03"]
[Round "1"]
[White "Larsen, Jesper Riis"]
[Black "Rostgaard, Tobias Valentin"]
[Result "0-1"]
[WhiteElo "2004"]
[BlackElo "2114"]
[PlyCount "64"]
[EventDate "2010.09.03"]
[EventType "swiss"]
[EventRounds "9"]
[EventCountry "DEN"]
[Source "ChessBase"]
[SourceDate "2010.10.29"]

1. Nf3 Nf6 2. d4 d5 3. c4 e6 4. g3 dxc4 5. Bg2 c6 6. O-O b5 7. Ne5 Bb7 8. a4 a6
9. b3 cxb3 10. axb5 axb5 11. Rxa8 Bxa8 12. Qxb3 Qb6 13. Rd1 Nbd7 14. Nxd7 Nxd7
15. Be3 Qa6 16. Rc1 Nf6 17. Qc2 Nd5 18. Bd2 Be7 19. e4 Nb6 20. e5 Nc4 21. Nc3
O-O 22. Ne4 Qb6 23. Be3 Rd8 24. Bg5 Bxg5 25. Nxg5 g6 26. Nf3 c5 27. dxc5 Qxc5
28. Qc3 Bxf3 29. Bxf3 Qxe5 30. Bc6 Rd1+ 31. Kg2 Rxc1 32. Qxc1 Qc5 0-1

[Event "Xtracon GM"]
[Site "Borup"]
[Date "2010.09.03"]
[Round "1"]
[White "Miezis, Normunds"]
[Black "Strange, Mikkel"]
[Result "1-0"]
[WhiteElo "2519"]
[BlackElo "2305"]
[PlyCount "69"]
[EventDate "2010.09.03"]
[EventType "swiss"]
[EventRounds "9"]
[EventCountry "DEN"]
[Source "ChessBase"]
[SourceDate "2010.10.29"]

1. c4 e6 2. e4 d5 3. exd5 exd5 4. d4 Nf6 5. Nc3 Be7 6. Nf3 O-O 7. Be2 dxc4 8.
Bxc4 Nbd7 9. O-O Nb6 10. Bb3 Bg4 11. h3 Bh5 12. Re1 c6 13. Bg5 Re8 14. Re5 Qd7
15. Qd3 Bg6 16. Qe2 h6 17. Re1 hxg5 18. Rxe7 Rxe7 19. Qxe7 Re8 20. Qxd7 Rxe1+
21. Nxe1 Nbxd7 22. Nf3 g4 23. Ne5 Bh5 24. f3 gxh3 25. g4 Nxe5 26. dxe5 Nxg4 27.
fxg4 Bxg4 28. Ne4 Kf8 29. Nd6 Ke7 30. Nxf7 Be6 31. Ng5 Bxb3 32. axb3 c5 33. Kh2
b5 34. Kxh3 c4 35. b4 1-0

[Event "Xtracon GM"]
[Site "Borup"]
[Date "2010.09.03"]
[Round "1"]
[White "Molvig, Henrik"]
[Black "Semcesen, Daniel"]
[Result "1/2-1/2"]
[WhiteElo "2174"]
[BlackElo "2416"]
[PlyCount "211"]
[EventDate "2010.09.03"]
[EventType "swiss"]
[EventRounds "9"]
[EventCountry "DEN"]
[Source "ChessBase"]
[SourceDate "2010.10.29"]

1. d4 d5 2. c4 dxc4 3. Nf3 Nf6 4. e3 Bg4 5. Bxc4 e6 6. Qb3 Bxf3 7. gxf3 Nbd7 8.
Nc3 Nb6 9. Be2 Be7 10. Ne4 Qd5 11. Qxd5 exd5 12. Nc5 Bxc5 13. dxc5 Nbd7 14. b4
a5 15. Bd2 axb4 16. Bxb4 Ra4 17. a3 c6 18. Kd2 O-O 19. Rhc1 Rfa8 20. Bd1 R4a7
21. Bb3 Rd8 22. Ke2 Nf8 23. Bc3 N6d7 24. Bb4 Ne6 25. Ra2 Re8 26. Rd2 Raa8 27.
Kf1 Nf6 28. Bd1 g6 29. Bb3 Nc7 30. Bd1 Ra7 31. Be2 Nh5 32. Rb2 Nf6 33. Rd2 Nd7
34. Rb2 Rb8 35. Ke1 Kf8 36. Rd2 Ke8 37. Rb2 Ne6 38. Rd2 Nc7 39. Rb2 Rba8 40.
Kf1 Ne6 41. Rd2 Rc8 42. Ke1 Rb8 43. Kf1 Nc7 44. Ke1 Rba8 45. Rb2 Na6 46. Kd2
Nxb4 47. axb4 Ra2 48. Rbc2 R2a4 49. Rb2 Ke7 50. Bd1 Ra3 51. Bb3 Ne5 52. Ke2 g5
53. Rg1 Kf6 54. Rd1 Rd8 55. Rbb1 h6 56. Rd4 Ng6 57. Rb2 Rda8 58. Rb1 Ra1 59.
Rdd1 Rxb1 60. Rxb1 Ne5 61. Rb2 Ra1 62. f4 gxf4 63. exf4 Ng6 64. Kf3 Rh1 65. b5
Rxh2 66. bxc6 bxc6 67. Ba4 Rh3+ 68. Kg4 Rc3 69. Bxc6 Rxc5 70. Bb7 d4 71. Rb6+
Ke7 72. Be4 h5+ 73. Kg3 Nf8 74. Rb4 Rc3+ 75. f3 Ne6 76. f5 Ng5 77. Rxd4 Nxe4+
78. Rxe4+ Kf6 79. Ra4 Kg5 80. Rb4 f6 81. Rb5 Ra3 82. Rb4 Ra5 83. Rb8 Rxf5 84.
Rg8+ Kh6 85. Rh8+ Kg7 86. Ra8 Rb5 87. Ra4 Kg6 88. Ra8 Rb7 89. Ra5 Rb1 90. Kg2
Re1 91. Kg3 Rb1 92. Kg2 f5 93. Kg3 Rb4 94. Ra6+ Kg5 95. Ra8 h4+ 96. Kh3 Rb3 97.
Kg2 Rb2+ 98. Kh3 Rb3 99. Kg2 Rb2+ 100. Kh3 Kf4 101. Ra4+ Kg5 102. Rxh4 Rb3 103.
Kg3 Rxf3+ 104. Kxf3 Kxh4 105. Kf4 Kh5 106. Kxf5 1/2-1/2

[Event "Xtracon GM"]
[Site "Borup"]
[Date "2010.09.03"]
[Round "1"]
[White "Molvig, Julius"]
[Black "Mathiesen, Erik"]
[Result "1/2-1/2"]
[WhiteElo "1801"]
[BlackElo "2040"]
[PlyCount "131"]
[EventDate "2010.09.03"]
[EventType "swiss"]
[EventRounds "9"]
[EventCountry "DEN"]
[Source "ChessBase"]
[SourceDate "2010.10.29"]

1. d4 d5 2. c4 e6 3. Nc3 Nf6 4. Nf3 Bb4 5. Bg5 h6 6. Bh4 g5 7. Bg3 Ne4 8. Qc2
Nc6 9. e3 Bd7 10. Bd3 Bxc3+ 11. bxc3 f5 12. cxd5 exd5 13. Bxe4 fxe4 14. Ne5
Nxe5 15. Bxe5 O-O 16. f3 Bf5 17. Qb3 b6 18. O-O Rc8 19. Qa3 a5 20. Qa4 Qe8 21.
Qb3 Qe6 22. fxe4 Bxe4 23. Rxf8+ Rxf8 24. Bxc7 Qg4 25. Qb2 Rf3 26. Re1 Rf7 27.
Be5 Qf5 28. Bg3 Bd3 29. Qf2 Qe4 30. Qd2 b5 31. h3 Rb7 32. a3 a4 33. Qb2 Rf7 34.
Qb4 Qe6 35. Qa5 Rf8 36. Qa7 Rf7 37. Qb8+ Rf8 38. Qb7 Rf7 39. Qb8+ Rf8 40. Qd6
Re8 41. Be5 Qxd6 42. Bxd6 Bc4 43. Kf2 Re6 44. Bc5 Kf7 45. Kg3 Kg6 46. Kf2 h5
47. e4 dxe4 48. Ke3 Bd5 49. Rb1 Bc4 50. d5 Re5 51. Bd4 Rxd5 52. Kxe4 Rf5 53.
Ke3 Rf1 54. Rxf1 Bxf1 55. Kf2 Bc4 56. g3 Kf5 57. Ke3 g4 58. h4 Bd5 59. Bc5 Bc4
60. Kd4 Bf7 61. Bd6 Be6 62. Kc5 Bc4 63. Kc6 Bf1 64. Bf4 Bc4 65. Kc7 Bd3 66. Kc6
1/2-1/2

[Event "Xtracon GM"]
[Site "Borup"]
[Date "2010.09.03"]
[Round "1"]
[White "Nielsen, Morten"]
[Black "Hubka, Roland"]
[Result "1-0"]
[WhiteElo "1935"]
[BlackElo "2048"]
[PlyCount "103"]
[EventDate "2010.09.03"]
[EventType "swiss"]
[EventRounds "9"]
[EventCountry "DEN"]
[Source "ChessBase"]
[SourceDate "2010.10.29"]

1. e4 e6 2. d4 d5 3. Nd2 dxe4 4. Nxe4 Nd7 5. Be3 Ngf6 6. Nxf6+ Nxf6 7. Bd3 Be7
8. c3 O-O 9. Bc2 b6 10. Qd3 Bb7 11. f3 g6 12. O-O-O Nd5 13. Bf2 a5 14. g3 Qd7
15. h4 Ba6 16. Qd2 Nf6 17. Qh6 Qd5 18. Kb1 Rfd8 19. Re1 Bf8 20. Qf4 Nh5 21. Qd2
Qd6 22. g4 Nf6 23. Nh3 Bb7 24. Ng5 h5 25. Ne4 Bxe4 26. Bxe4 Rac8 27. Qg5 Qe7
28. Rhg1 Kh7 29. gxh5 Nxe4 30. hxg6+ Kg7 31. Rxe4 Qxg5 32. Rxg5 Be7 33. Rg1 Rh8
34. gxf7+ Kxf7 35. Rgg4 Bf6 36. Bg3 c5 37. Be5 cxd4 38. Rgf4 Rh6 39. Rxd4 Ke7
40. Bxf6+ Rxf6 41. Rxf6 Kxf6 42. Kc2 Rc5 43. Kd3 Kf5 44. Rg4 e5 45. Ke3 Rc8 46.
Rg5+ Kf6 47. Ke4 Rc4+ 48. Kd5 Rc5+ 49. Kd6 Rc8 50. Rxe5 Rh8 51. Rb5 Rxh4 52.
Kc6 1-0

[Event "Xtracon GM"]
[Site "Borup"]
[Date "2010.09.03"]
[Round "1"]
[White "Pedersen, Hans Dahl"]
[Black "Smith, Axel"]
[Result "0-1"]
[WhiteElo "2206"]
[BlackElo "2445"]
[PlyCount "64"]
[EventDate "2010.09.03"]
[EventType "swiss"]
[EventRounds "9"]
[EventCountry "DEN"]
[Source "ChessBase"]
[SourceDate "2010.10.29"]

1. c4 g6 2. g3 Bg7 3. Bg2 c5 4. Nc3 e6 5. a3 Ne7 6. Rb1 d5 7. cxd5 exd5 8. d3
Nbc6 9. Bg5 h6 10. Bd2 O-O 11. h4 Bg4 12. Nh3 d4 13. Ne4 c4 14. Nf4 cxd3 15.
Nxd3 Nd5 16. O-O Re8 17. Bf3 Bxf3 18. exf3 b6 19. Bf4 f5 20. Nd2 g5 21. hxg5
hxg5 22. Qb3 Bf6 23. Bc7 Qd7 24. Rbc1 Kg7 25. Qb5 Re6 26. Rxc6 Qxc6 27. Qxc6
Rxc6 28. Be5 Rh8 29. Re1 Bxe5 30. Nxe5 Rch6 31. Nf1 Rh1+ 32. Kg2 R8h2+ 0-1

[Event "Xtracon GM"]
[Site "Borup"]
[Date "2010.09.03"]
[Round "1"]
[White "Petersen, Nils"]
[Black "Andersen, Daniel"]
[Result "1/2-1/2"]
[WhiteElo "2067"]
[BlackElo "1940"]
[PlyCount "49"]
[EventDate "2010.09.03"]
[EventType "swiss"]
[EventRounds "9"]
[EventCountry "DEN"]
[Source "ChessBase"]
[SourceDate "2010.10.29"]

1. c4 Nf6 2. Nc3 c5 3. g3 d5 4. cxd5 Nxd5 5. Bg2 Nxc3 6. bxc3 g6 7. Nf3 Bg7 8.
O-O O-O 9. Rb1 Qa5 10. Qc2 Nc6 11. a3 Rb8 12. Bb2 e5 13. d3 h6 14. Nd2 Qc7 15.
Nb3 c4 16. Nd2 cxd3 17. exd3 Be6 18. Rfc1 Qd7 19. Ne4 b6 20. f3 f5 21. Nf2 Rbc8
22. Qe2 Rfd8 23. Re1 Bf7 24. Bf1 Re8 25. Bg2 1/2-1/2

[Event "Xtracon GM"]
[Site "Borup"]
[Date "2010.09.03"]
[Round "1"]
[White "Schmidt, Horst Hubert"]
[Black "Hein, Juergen"]
[Result "1-0"]
[WhiteElo "1869"]
[BlackElo "1931"]
[PlyCount "119"]
[EventDate "2010.09.03"]
[EventType "swiss"]
[EventRounds "9"]
[EventCountry "DEN"]
[Source "ChessBase"]
[SourceDate "2010.10.29"]

1. e4 c5 2. Nc3 e6 3. d3 Nf6 4. g3 d6 5. Bg2 Bd7 6. Nge2 Bc6 7. O-O Be7 8. d4
O-O 9. d5 exd5 10. exd5 Bd7 11. h3 Na6 12. g4 Nxg4 13. hxg4 Bxg4 14. f3 Bd7 15.
Bf4 Bg5 16. Bxg5 Qxg5 17. Ne4 Qe3+ 18. Rf2 f5 19. Nxd6 b5 20. c4 Rf6 21. Nxb5
Nb4 22. Nc1 a6 23. Nc3 Re8 24. Kf1 Qf4 25. b3 Re3 26. Qd2 Qe5 27. N1e2 Rd3 28.
Qc1 f4 29. Ne4 Rh6 30. Nxf4 Rd4 31. a3 Nd3 32. Nxd3 Rxd3 33. Rb1 Bh3 34. Qg5
Bxg2+ 35. Rxg2 Rxf3+ 36. Kg1 Qd4+ 37. Nf2 Rg6 38. Rd1 Rxg5 39. Rxd4 Rxb3 40.
Rxg5 cxd4 41. d6 Kf7 42. Rd5 Rb8 43. Rxd4 Ke6 44. c5 Rd8 45. Nd3 Rd7 46. Nb4 a5
47. c6 axb4 48. c7 Rxd6 49. c8=Q+ Ke5 50. Rxd6 Kxd6 51. axb4 h6 52. b5 Ke7 53.
b6 Kf7 54. b7 Kg6 55. b8=R h5 56. Qc2+ Kh6 57. Qf5 g6 58. Rb6 Kh7 59. Qxg6+ Kh8
60. Rb8# 1-0

[Event "Xtracon GM"]
[Site "Borup"]
[Date "2010.09.03"]
[Round "1"]
[White "Skytte, Rasmus"]
[Black "Kulaots, Kaido"]
[Result "1/2-1/2"]
[WhiteElo "2400"]
[BlackElo "2592"]
[PlyCount "37"]
[EventDate "2010.09.03"]
[EventType "swiss"]
[EventRounds "9"]
[EventCountry "DEN"]
[Source "ChessBase"]
[SourceDate "2010.10.29"]

1. e4 c5 2. c3 d5 3. exd5 Qxd5 4. d4 Nf6 5. Nf3 e6 6. Bd3 Be7 7. O-O O-O 8. c4
Qd7 9. dxc5 Nc6 10. Qe2 Bxc5 11. Nc3 b6 12. Bg5 Bb7 13. Bxf6 gxf6 14. Bxh7+
Kxh7 15. Qe4+ f5 16. Qh4+ Kg7 17. Qg5+ Kh7 18. Qh5+ Kg7 19. Qg5+ 1/2-1/2

[Event "Xtracon GM"]
[Site "Borup"]
[Date "2010.09.03"]
[Round "1"]
[White "Sulskis, Sarunas"]
[Black "Andersen, Mads"]
[Result "1-0"]
[WhiteElo "2544"]
[BlackElo "2385"]
[PlyCount "63"]
[EventDate "2010.09.03"]
[EventType "swiss"]
[EventRounds "9"]
[EventCountry "DEN"]
[Source "ChessBase"]
[SourceDate "2010.10.29"]

1. c4 Nf6 2. Nc3 e5 3. Nf3 Nc6 4. d4 exd4 5. Nxd4 Bb4 6. Bg5 Bxc3+ 7. bxc3 h6
8. Bh4 Ne5 9. f3 Ng6 10. Bg3 O-O 11. e4 d6 12. Qd2 Re8 13. O-O-O Bd7 14. Kb2 a6
15. Ka1 Rb8 16. h4 b5 17. c5 d5 18. c6 Be6 19. h5 Ne7 20. e5 Nh7 21. Bd3 Rb6
22. Bh4 Qc8 23. Bxe7 Rxe7 24. f4 Bg4 25. Rde1 Qe8 26. Bxh7+ Kxh7 27. Qd3+ g6
28. hxg6+ fxg6 29. Qg3 Bc8 30. f5 h5 31. Qg5 Rg7 32. f6 1-0

[Event "Xtracon GM"]
[Site "Borup"]
[Date "2010.09.03"]
[Round "1"]
[White "Sylvan, Jacob"]
[Black "Schandorff, Lars"]
[Result "0-1"]
[WhiteElo "2238"]
[BlackElo "2492"]
[PlyCount "88"]
[EventDate "2010.09.03"]
[EventType "swiss"]
[EventRounds "9"]
[EventCountry "DEN"]
[Source "ChessBase"]
[SourceDate "2010.10.29"]

1. d4 Nf6 2. c4 g6 3. g3 Bg7 4. Bg2 d5 5. cxd5 Nxd5 6. Nf3 Nb6 7. O-O Nc6 8. e3
O-O 9. Nc3 Re8 10. Re1 a5 11. b3 e5 12. Nxe5 Nxe5 13. dxe5 Bxe5 14. Bb2 Qxd1
15. Raxd1 c6 16. Rd2 Bf5 17. h3 a4 18. Nxa4 Nxa4 19. bxa4 Rxa4 20. g4 Bxb2 21.
Rxb2 Bc8 22. Rd1 Kf8 23. g5 Ke7 24. Rbd2 Be6 25. Rb1 Ra7 26. a4 Rd8 27. Rdb2
Bc8 28. Rb4 Rd2 29. Rf4 Ra2 30. Rbb4 Be6 31. h4 Kd6 32. Kh2 c5 33. Rb5 c4 34.
Rd4+ Ke7 35. Kg3 R2xa4 36. Bxb7 c3 37. Be4 Rxd4 38. exd4 Ra4 39. Rc5 Rxd4 40.
Kf3 Rc4 41. Rxc4 Bxc4 42. Ke3 Bb3 43. f4 Kd6 44. Kd3 Bd5 0-1

[Event "Xtracon GM"]
[Site "Borup"]
[Date "2010.09.03"]
[Round "1"]
[White "Teplyi, Igor"]
[Black "Akdag, Dara Sevkan"]
[Result "1/2-1/2"]
[WhiteElo "2408"]
[BlackElo "2171"]
[PlyCount "89"]
[EventDate "2010.09.03"]
[EventType "swiss"]
[EventRounds "9"]
[EventCountry "DEN"]
[Source "ChessBase"]
[SourceDate "2010.10.29"]

1. Nf3 Nf6 2. e3 d5 3. c4 c6 4. Nc3 g6 5. d4 Bg7 6. Bd3 O-O 7. O-O Na6 8. cxd5
cxd5 9. Bxa6 bxa6 10. b3 Ne4 11. Nxe4 dxe4 12. Ne5 Bxe5 13. dxe5 Qa5 14. Bb2
Rd8 15. Bd4 Bd7 16. Qc2 Rac8 17. Qxe4 Bf5 18. Qh4 Qa3 19. h3 Rc2 20. Bxa7 Rd7
21. Bd4 Rxa2 22. Rxa2 Qxa2 23. Rc1 Rb7 24. Bc5 Qd2 25. Ra1 Qc3 26. Qd4 Qxd4 27.
exd4 Bd3 28. d5 Rxb3 29. Bxe7 Rb1+ 30. Rxb1 Bxb1 31. Kf1 a5 32. Ke2 Ba2 33. d6
Be6 34. Kd2 a4 35. Kc2 a3 36. g4 a2 37. Kb2 h5 38. f4 hxg4 39. hxg4 Kg7 40. f5
gxf5 41. gxf5 a1=Q+ 42. Kxa1 Bxf5 43. Kb2 Kg6 44. Kc3 Bd7 45. Kd4 1/2-1/2